|
|
|
|
| LEADER |
00000cam a2200000 7i4500 |
| 001 |
0000002873 |
| 005 |
20040204.0 |
| 020 |
0 |
0 |
|a 9837203072
|
| 090 |
0 |
0 |
|a 658.5042
|b BRU 1999
|
| 100 |
1 |
0 |
|a BRUMM
|h Eugenia K.
|c 1943-
|
| 245 |
1 |
0 |
|a Managing records for ISO 9000 compliance
|c Eugenia K. Brumm
|
| 260 |
0 |
0 |
|a Kuala Lumpur :
|b Golden Books Centre ,
|c 1997, 1999
|
| 300 |
|
|
|a xxx, 437 p. :
|b ill. ;
|c 23 cm.
|
| 500 |
0 |
0 |
|a Includes bibliography : p. 415-418 and index
|
| 650 |
0 |
0 |
|a ISO 9000 Series Standards
|x Documentation
|
| 650 |
0 |
0 |
|a Records
|x Management
|
| 998 |
|
|
|a JPSM
|
| 999 |
|
|
|a 0000005152
|b Monograph
|c Open Shelf
|e Default branch
|